00779nam a2200205 i 4500001000700000003000900007005001700016007000300033008004100036100002400077245007100101260004900172300002700221490006700248650002300315830007500338852002100413999001900434952012000453187986ES-MaACL20230906223056.0t|180406s1928 xxk ||||1| eng d0 aHardy, G. H.96183010aIntegration on functions of a single variable / cby G. H. Hardy. aLondon : bCambridge University Press, 1928. aVIII, 67 p. ; c22 cm.1 aCambridge tracts in mathematics and mathematical physics ; v204aIntegrales.9138410 aCambridge tracts in mathematics and mathematical physics ; v29192958 aES-MaACLjC-8148 c187986d187986 00104070aATENEOMbATENEOMcSPALd2018-04-06eSCl0oC-8148p1198639r2023-02-23 00:00:00w2023-02-23yMONOGRAFIA